| 000 | 00415nam a22001697a 4500 | ||
|---|---|---|---|
| 003 | OSt | ||
| 005 | 20211223082715.0 | ||
| 008 | 211223b |||||||| |||| 00| 0 eng d | ||
| 020 | _a0574187456 | ||
| 040 | _cHU | ||
| 082 | _a004.02465 | ||
| 100 |
_aMcleod Raymond _924412 |
||
| 245 | _aIntroduction Information Systems A problem -Solving Approach | ||
| 260 |
_aUSA _bUSA |
||
| 300 | _f660 | ||
| 942 |
_2ddc _cBOOKS _n0 |
||
| 999 |
_c23556 _d23556 |
||